INTRODUCTION TO LOGIC (Record no. 5712)

MARC details
000 -LEADER
fixed length control field 00346nam a22001457a 4500
005 - DATE AND TIME OF LATEST TRANSACTION
control field 20210831130222.0
008 - FIXED-LENGTH DATA ELEMENTS--GENERAL INFORMATION
fixed length control field 180628b xxu||||| |||| 00| 0 eng d
041 ## - LANGUAGE CODE
Language code of text/sound track or separate title eng
100 ## - MAIN ENTRY--AUTHOR NAME
Personal name COPI, IRVING M. AND OTHERS
245 ## - TITLE STATEMENT
Title INTRODUCTION TO LOGIC
250 ## - EDITION STATEMENT
Edition statement 14TH ED.
260 ## - PUBLICATION, DISTRIBUTION, ETC. (IMPRINT)
Place of publication DELHI
Name of publisher PEARSON
Year of publication 2016
300 ## - PHYSICAL DESCRIPTION
Number of Pages 512p,
942 ## - ADDED ENTRY ELEMENTS (KOHA)
Koha item type Books
Holdings
Lost status Damaged status Collection code Home library Current library Shelving location Date acquired Accession Number Koha item type
    LAW JRU Library JRU Library SHELF-30-A 28/06/2018 22386 Books